Aprovechamiento del recurso geotérmico en la estabilización de la temperatura del agua para el proceso de incubación de alevines de tilapia en estanques con recirculación
Salvato in:
| Autore principale: | |
|---|---|
| Altri autori: | |
| Natura: | Libro |
| Lingua: | Spanish |
| Pubblicazione: |
San José, Costa Rica
2019
|
| Soggetti: | |
| Tags: |
Aggiungi Tag
Nessun Tag, puoi essere il primo ad aggiungerne!!
|
MARC
| LEADER | 00000nam a2200000Ia 4500 | ||
|---|---|---|---|
| 003 | 013313 | ||
| 005 | 20230323140318.0 | ||
| 008 | 140114s2019 cr a 000 ||spa d | ||
| 040 | |c cru CEDI | ||
| 100 | |a Salas González, Adán Osvaldo, 1992- |9 373 | ||
| 245 | |a Aprovechamiento del recurso geotérmico en la estabilización de la temperatura del agua para el proceso de incubación de alevines de tilapia en estanques con recirculación | ||
| 260 | |a San José, Costa Rica |c 2019 | ||
| 500 | |a Proyecto de graduación (licenciatura en ingeniería química)--Universidad de Costa Rica. Facultad de Ingeniería. Escuela de Ingeniería Química | ||
| 501 | |a Director de Proyecto de Graduación: Ph.D. Esteban Durán Herrera | ||
| 650 | |x AGUA |x CONTROL DE LA TEMPERATURA - EQUIPO Y SUMINISTROS |x TILAPIA - CULTIVO |x ENERGÍA GEOTERMICA |x ESTANQUES DE PECES - APARATOS Y ACCESORIOS |x INTERCAMBIADORES DE CALOR | ||
| 700 | |9 24 |a Miranda Morales, Bárbara Cristina, 1983- |d Directora del TFG | ||
| 942 | |c CEDI |h TFG 8464 |2 ddc |6 TFG_8464_000000000000000 | ||
| 999 | |c 12820 |d 12820 | ||
